000 00515nam a2200217Ia 4500
003 OSt
005 20251209092414.0
008 210210b2011 xxu||||| |||| 00| 0 eng d
040 _cAL
041 _aKonkani
082 _a891.46301 DIST
100 _aFeliks Disoja Ed
_9248331
245 _aTurupachyo teen raniyom
260 _aMumbai
_b-
_c2011
300 _a58p
650 _aTurupachyo
_9248332
650 _araniyom
_9248333
690 _aKonkani Fiction
_9248334
906 _a069625
942 _2ddc
_cBK
999 _c119297
_d119297